000 00738nam a22001817a 4500
999 _c371996
_d371996
008 201127b ||||| |||| 00| 0 eng d
040 _aDE-2950
_bger
_cDE-2950
_erda
041 _ager
245 _aImpfzentrum im Oderturm bald Geschichte - Vertrag läuft aus
_bCorona. Noch sind Termine für eine Corona-Impfung in der kommunalen Einrichtung möglich. Zum Jahresende ist Schluss/
_cThoma Gutke und Selim Pekel
264 _c2022
653 _aFrankfurt (Oder)
653 _aImpfzentrum
773 _dFrankfurt (Oder) Märkisches Verlags- und Druckhaus GmbH & Co KG
_tMärkische Oderzeitung
_g33. Jahrgang (2022) Nr. 279 vom 30.11.2022, S. 13:
942 _cA